000 00659nam a2200205 a 4500
005 20240504063742.0
008 030822s1955 mx r 000 0 spa d
035 _aUPN01000128108
049 _aSEP
050 4 _aLC5309 U54
_bH5207
245 0 0 _aArtes y ciencias en los siglos XVI, XVII y XVIII.
260 _aMéxico :
_bSEP, Instituto Federal de Capacitación del Magisterio,
_c[1955?].
300 _ap. 127-148
500 _a"Historia universal : segundo curso, lección no.7"
500 _aIncluye cuestionario
650 4 _aArte
_xHistoria
_92484
650 4 _aCiencia
_xHistoria
_94695
650 4 _aEducación a distancia
_97924
905 _aLibro
999 _c100287
_d100287